Giáo trình luật ngân sách nhà nước
Giới thiệu nhập môn luật ngân sách nhà nước. Trình bày về tổ chức; lập dự toán; chấp hành và quyết toán; quản lý quỹ và xử lý vi phạm pháp luật về ngân sách nhà nước
Сохранить в:
| Главный автор: | |
|---|---|
| Другие авторы: | , , |
| Формат: | |
| Язык: | Vietnamese |
| Опубликовано: |
H.
Công an nhân dân
2019
|
| Редактирование: | Tái bản lần thứ 16 |
| Предметы: | |
| Метки: |
Добавить метку
Нет меток, Требуется 1-ая метка записи!
|
| Thư viện lưu trữ: | Thư viện Trường Đại học Nam Cần Thơ |
|---|
| LEADER | 01975aam a22003018a 4500 | ||
|---|---|---|---|
| 001 | NCT_66504 | ||
| 008 | 140521s2014 ||||||viesd | ||
| 999 | |c 3215 |d 3215 | ||
| 020 | |a 978604723833 |c 35000 | ||
| 082 | 0 | 4 | |2 23rd ed. |a 343.597034 |b T527 |
| 100 | 1 | |a Nguyễn Văn Tuyến |e Chủ biên | |
| 245 | 1 | 0 | |a Giáo trình luật ngân sách nhà nước |c Nguyễn Văn Tuyến (chủ biên) |
| 250 | |a Tái bản lần thứ 16 | ||
| 260 | |a H. |b Công an nhân dân |c 2019 | ||
| 300 | |a 278tr. |c 21cm | ||
| 500 | |a ĐTTS ghi: Trường đại học Luật Hà Nội | ||
| 520 | 3 | |a Giới thiệu nhập môn luật ngân sách nhà nước. Trình bày về tổ chức; lập dự toán; chấp hành và quyết toán; quản lý quỹ và xử lý vi phạm pháp luật về ngân sách nhà nước | |
| 653 | |a Luật học | ||
| 700 | 1 | |a Phạm Thị Giang Thu | |
| 700 | 1 | |a Nguyễn Thị Ánh Vân | |
| 700 | 1 | |a Vũ Văn Cương | |
| 942 | |2 ddc |c BK | ||
| 952 | |0 0 |1 0 |2 ddc |4 0 |6 343_597034000000000_T527 |7 0 |9 17373 |a 000001 |b 000001 |d 2019-08-12 |o 343.597034 T527 |p MD.15818 |r 2019-08-12 |v 35000.00 |w 2019-08-12 |y BK | ||
| 952 | |0 0 |1 0 |2 ddc |4 0 |6 343_597034000000000_T527 |7 0 |9 17374 |a 000001 |b 000001 |d 2019-08-12 |l 2 |m 1 |o 343.597034 T527 |p MD.15819 |r 2020-10-21 |s 2020-10-07 |v 35000.00 |w 2019-08-12 |y BK | ||
| 952 | |0 0 |1 0 |2 ddc |4 0 |6 343_597034000000000_T527 |7 0 |9 17375 |a 000001 |b 000001 |d 2019-08-12 |l 2 |o 343.597034 T527 |p MD.15821 |r 2020-08-25 |s 2020-08-14 |v 35000.00 |w 2019-08-12 |y BK | ||
| 952 | |0 0 |1 0 |2 ddc |4 0 |6 343_597034000000000_T527 |7 0 |9 17376 |a 000001 |b 000001 |d 2019-08-12 |l 3 |o 343.597034 T527 |p MD.15822 |r 2020-08-25 |s 2020-08-14 |v 35000.00 |w 2019-08-12 |y BK | ||
| 952 | |0 0 |1 0 |2 ddc |4 0 |6 343_597034000000000_T527 |7 0 |9 18105 |a 000001 |b 000001 |d 2019-10-11 |l 1 |m 1 |o 343.597034 T527 |p MD.15820 |r 2020-09-01 |s 2020-08-14 |v 35000.00 |w 2019-10-11 |y BK | ||
| 980 | |a Thư viện Trường Đại học Nam Cần Thơ | ||